Parts of a Flower - Statistics

General Stats
  • This quiz has been taken 26 times
  • The average score is 7 of 15
Answer Stats
Hint Answer % Correct
Most visually notable part of flowers, help attract insects Petal
100%
Part of #7, contains and produces pollen Anther
67%
Part of #10, holds #12 Ovary
62%
Small leaves that enclose the bud before it opens Sepal
57%
Part of #10, recieves pollen grains Stigma
57%
Collective name for the male reproductive parts of a flower Androecium
52%
Collective name for the female reproductive parts of a flower Gynoecium
52%
Part of #10, each one contains an egg cell to be fertilized. Ovule
52%
Part of #7, stalk that holds up and protects #8 Filament
48%
Part of #10, connects #13 and #11 Style
48%
The name for a collection of #3 Calyx
14%
The name for a collection of #1 Corolla
14%
The part of the flower where it attaches to #5 Receptacle
14%
Secretes nectar Nectary
10%
Formal name for a flower stalk Peduncle
10%
No matching quizzes found
Score Distribution
Percent of People with Each Score
Percentile by Number Answered
Your Score History
You have not taken this quiz